000 00444nam a22001697a 4500
003 NUST - PNEC
005 20170116181002.0
008 150912b xxu||||| |||| 00| 0 eng d
020 _a0876925700
040 _cLIBRARY
082 _a621.3815 BOY
100 _99583
_aBoylestad,Robert
245 _aElectronic Devices And Circuit Theory
_cRobert,Boylestad
250 _a4th ed
650 _99586
_aElectronic circuits
_xEE/
942 _2ddc
_cBK
999 _c66751
_d66751